000 01007nac a22002411u 4500
008 100923s2002 ii|||||d|||| 10|10 eengd
020 _a0070447497
020 _a9780070447493
082 _a620.1126
_bICA
_222
100 _a20080729
_919880
245 _aProceedings of the International Conference on Advances in Materials and Materials Processing :
_bFebruary 1 - 3, 2002, Indian Institute of Technology, Kharagpur, India
_cEditors ed. N. Chakraborti, U. K. Chatterjee
246 _aAdvances in Materials and Materials Processing
260 _aNew Delhi :
_bTata McGraw-Hill Pub. Co.,
_c2002.
300 _aviii, 906 p. :
_b ill. ;
_c 26 cm.
504 _aIncludes bibliographic references and index
650 _aICAMMP
_919881
650 _aComposite materials.
_93013
650 _aMaterials
_919879
_xFatigue
700 _aChakraborti, N.
_919882
700 _aChatterjee, U. K..
_919883
710 _aIndian Institute of Technology.
_919884
942 _cBB
_k620.1126 ICA
_2ddc
999 _c840
_d840